Top 100 Strongest Countries - Statistics

General Stats
  • This quiz has been taken 277 times
  • The average score is 76 of 100
Answer Stats
Rank Country % Correct
3 China
100%
2 Russia
99%
1 United States
99%
7 France
98%
11 Brazil
97%
4 India
97%
6 United Kingdom
97%
5 South Korea
95%
8 Japan
93%
14 Germany
92%
16 Iran
92%
9 Turkey
92%
18 Australia
91%
12 Pakistan
91%
33 Argentina
90%
19 Egypt
90%
10 Italy
90%
34 North Korea
90%
17 Spain
90%
27 Sweden
90%
21 Poland
89%
40 South Africa
89%
32 Mexico
88%
13 Indonesia
87%
15 Israel
87%
24 Saudi Arabia
87%
28 Canada
86%
43 Iraq
86%
38 Norway
86%
20 Ukraine
86%
26 Algeria
85%
48 Finland
84%
30 Greece
84%
47 Chile
83%
86 New Zealand
83%
39 Portugal
83%
25 Thailand
82%
23 Vietnam
82%
45 Denmark
81%
61 Belgium
79%
59 Morocco
79%
31 Nigeria
79%
44 Switzerland
79%
66 D.R. Congo
78%
36 Netherlands
78%
51 Romania
78%
46 Columbia
77%
55 Hungary
77%
82 Oman
76%
97 Ireland
75%
57 Kazakhstan
75%
54 United Arab Emirates
75%
50 Venezuela
75%
68 Austria
74%
42 Malaysia
74%
49 Peru
74%
63 Serbia
74%
70 Belarus
73%
85 Yemen
73%
62 Bulgaria
72%
74 Croatia
72%
67 Cuba
72%
71 Slovakia
72%
64 Syria
72%
22 Taiwan
72%
98 Mongolia
71%
35 Bangladesh
70%
76 Libya
70%
73 Sudan
70%
53 Czech Republic
68%
41 Philippines
68%
100 Uruguay
68%
52 Ethiopia
67%
96 Slovenia
67%
88 Lithuania
66%
72 Qatar
66%
58 Uzbekistan
66%
37 Myanmar
65%
95 Cambodia
64%
99 Latvia
64%
87 Paraguay
64%
29 Singapore
64%
83 Kenya
63%
92 Tanzania
63%
56 Angola
62%
75 Jordan
62%
78 Albania
60%
80 Bolivia
60%
94 Georgia
60%
91 Armenia
59%
90 Tunisia
59%
65 Ecuador
58%
60 Azerbaijan
57%
77 Turkmenistan
57%
79 Kuwait
56%
84 Chad
52%
81 Bahrain
51%
69 Sri Lanka
50%
89 Mozambique
49%
93 Cameroon
42%
No matching quizzes found
Score Distribution
Percent of People with Each Score
Percentile by Number Answered
Your Score History
You have not taken this quiz